The language of evaluation: appraisal in english

Guardat en:
Dades bibliogràfiques
Autors principals: Martin, James Robert Martin, Jim R. (autor), White, Peter Robert Rupert (Autor)
Format: Llibre
Idioma:anglès
Publicat: Nueva York Palgrave MacMillan 2005
Edició:1a. ed
Matèries:
Etiquetes: Afegir etiqueta
Sense etiquetes, Sigues el primer a etiquetar aquest registre!

MARC

LEADER 00000nam a2200000 a 4500
001 UCJ0741
003 CL-VaPUC
008 060901e20050000US |||||||||||||||||eng|d
020 |a 140390409X 
082 0 4 |a 420.143  |b MAR  |2 21 
100 |a Martin, James Robert  |e autor  |q Martin, Jim R.  |9 566246 
700 0 |a White, Peter Robert Rupert  |e author  |9 501055 
245 1 4 |a The language of evaluation: appraisal in english 
250 |a 1a. ed 
300 |a 278 p 
942 |c BK 
945 |d 20060901 00:00:00  |a cmena 
260 |a Nueva York  |b Palgrave MacMillan  |c 2005 
650 0 |a Semántica  |9 265318 
650 0 |a Lengua inglesa  |9 318842 
650 0 |a Investigación lingüística  |9 329785 
583 |a last modification  |c 20140408 11:23:59  |k Rodrigo Vera 
999 |c 317494  |d 317492 
952 |0 0  |1 0  |4 0  |6 420_143000000000000_MAR_2005  |7 0  |8 A  |9 393935  |a FDOPOS  |b FDOPOS  |d 2019-11-22  |i 4264827  |o 420.143 MAR 2005  |p 4264827  |r 2025-01-22  |w 2019-11-22  |y BK  |k MLA